000
00212 a2200097 4500
001
1520
100
_a
Brooks, W.H
245
_a
Strength & elasticity of materials
260
_a
_b
Macdonald
_c
090
_c
1061
_d
1061
942
_a
NUST-CAE
_c
M
_c
681
999
_c
236593
_d
236593